00805 a2200181 4500003000500000005001700005040000900022082001600031100002500047245004800072260002900120300001000149505026900159650004000428942001200468999001900480952012400499Nust20221208121950.0 cNust a530.41, SCR aScroggie .M.G979919 aThe Electron In ElectronicscM.G . Scroggie aLondonbHayden pubc1965 a276:p aElectronics and Physics (Page-1), Classical Science (Page-5), Discrepancies (Page-31), The Quantum Theory (Page-41), Wave and Particles (Page-61), Atoms (Page-88), Solids (Page-113), Semiconductors (Page-142), More about the Atom (Page-170), Relativity (Page-227). aThe Electron In Electronics9104456 2ddccBK c180908d180908 00102ddc4070aMCSbMCScGENd2016-12-12o530.41, SCRpMCS5382r2016-12-08w2016-12-12yBKzAlmirah No.16, Shelf No.1